Tổng quan văn hóa truyền thống các dân tộc Việt Nam Quyển 2 Tổng quan văn hóa truyền thống các dân tộc Việt Nam

Tổng quan văn hóa truyền thống các dân tộc Việt Nam: dân tộc La Chí, La Ha, La Hủ,Lào, Lô Lô, Lự, Mạ, Mảng, Mnông, Mường, Ngái, Nùng, Ơ đu, Pà Thẻn, Phù Lá, Pu Péo, Raglai, Rơ Măm, Sán Chay, Sán Dìu, Si La, Tà ôi, Tày, Thái, Thổ, xinh Mun, Xơ Đăng, Xtiêg...

Popoln opis

Shranjeno v:
Bibliografske podrobnosti
Glavni avtor: Hoàng Nam
Format: Knjiga
Jezik:Vietnamese
Izdano: H. Văn hóa thông tin 2013
Teme:
Oznake: Označite
Brez oznak, prvi označite!
Thư viện lưu trữ: Mạng thư viện Đại học Đà Nẵng
LEADER 01952nam a2200373 4500
001 000019638
003 16077
005 20140627160641.0
008 140625s2013 viesd
041 0 |a vie 
082 1 4 |a 390.09597  |b HO-N 
100 1 |a Hoàng Nam 
245 1 0 |a Tổng quan văn hóa truyền thống các dân tộc Việt Nam  |c Hoàng Nam  |n Quyển 2  |p Tổng quan văn hóa truyền thống các dân tộc Việt Nam 
260 |a H.  |b Văn hóa thông tin  |c 2013 
300 |a 675 tr.  |c 21 cm. 
500 |a ĐTTS ghi: Hội văn nghệ dân gian Việt Nam 
504 |a Thư mục tr. 667-675 ; Tài liệ tham khảo & phụ lục tr.643-664 
520 3 |a Tổng quan văn hóa truyền thống các dân tộc Việt Nam: dân tộc La Chí, La Ha, La Hủ,Lào, Lô Lô, Lự, Mạ, Mảng, Mnông, Mường, Ngái, Nùng, Ơ đu, Pà Thẻn, Phù Lá, Pu Péo, Raglai, Rơ Măm, Sán Chay, Sán Dìu, Si La, Tà ôi, Tày, Thái, Thổ, xinh Mun, Xơ Đăng, Xtiêg 
650 0 4 |a Văn hóa dân gian  |x Nghiên cứu  |z Việt Nam 
653 |a Văn hóa dân gian 
653 |a Dân tộc Việt Nam 
773 |d Văn hóa thông tin  |d H.  |d 2013  |t Tổng quan văn hóa truyền thống các dân tộc Việt Nam  |w 16073 
OWN |a LSP 
AVA |a UDN50  |b LNN  |d 390.09597 HO-N  |e available  |t Error 5001 Not defined in file expand_doc_bib_avail.  |f 1  |g 0  |h N  |i 0 
AVA |a UDN50  |b LSP  |d 390.09597 HO-N  |e available  |t Error 5001 Not defined in file expand_doc_bib_avail.  |f 1  |g 0  |h N  |i 0  |k 1 
999 |a From the UDN01 
AVA |a UDN50  |b LNN  |d 390.09597 HO-N  |e available  |t Error 5001 Not defined in file expand_doc_bib_avail.  |f 1  |g 0  |h N  |i 0 
AVA |a UDN50  |b LSP  |d 390.09597 HO-N  |e available  |t Error 5001 Not defined in file expand_doc_bib_avail.  |f 1  |g 0  |h N  |i 0  |k 1 
TYP |a Monograph 
TYP |a Printed language 
980 |a Mạng thư viện Đại học Đà Nẵng